000 00787nam a2200229Ii 4500
003 JO-AjNU
008 230605s9999||||xx |||||||||||||| ||und||
017 _a10420/96
020 _a977-200-165-9
040 _aJO-AjNU
_bara
_erda
_cJO-AjNU
041 _aara
050 1 4 _aH62.H35.1997
100 3 _aفاطمة ابراهيم حميدة,
_eauthor
_99778
245 0 0 _aالمواد الاجتماعية:اهدافها،ومحتواها،واستراتيجيات تدريسها
250 _aط1
264 3 1 _aالقاهرة:مكتبة النهضة المصرية،1997
300 _a238ص
336 _atext
_btxt
_2rdacontent
337 _aunmediated
_bn
_2rdamedia
338 _avolume
_bnc
_2rdacarrier
650 4 _aالعلوم الاجتماعية-دراسة وتعليم
_99779
999 _aA1473
_c5041
_d5041